000 00329nam a22001457a 4500
008 211012b ||||| |||| 00| 0 eng d
020 _a0395355028
041 _aeng
080 _a371
082 _a371
100 _a46
101 _aEDU
245 _aRoughdrafts: The process of Writing
_cCalderonello,A.H
942 _2udc
_cBK
999 _c58182
_d58182